Statistics for fortnite quiz pro or bot

Click here to take the quiz!

General Stats

  • This quiz has been taken 233 times
  • The average score is 11 of 15

Answer Stats

QuestionAnswer% Correct
what is the rarest class of weapons????gold
96%
how long dose the chug jug take to drink?15 seconds
95%
who won the season 9 event fightmech/robot
93%
whats the rarest gun in fortnite ever madezapatron
93%
what was the purple cube called what everyone called itkevin the cube
92%
are planes a vehicle in fortniteyes
89%
has there ever been a 4th materialno
86%
dose fortnite ever had a turret usableyes
82%
did season 1 have a battle pass chapter 1no
81%
who tried to still the power of the zero point in season 4 chapter 2galactus
64%
when did battle royale come out?26 september 2017
51%
what is the rarest skin in fortniteariel assult trooper
43%
when did the cozy campfires come into fortniteseason 2 chapter 1
36%
last question now what is the rarest fish of all timemidas flopper
29%
what season did the storm king come into the battle royale map in chapter 2season 1
25%

Score Distribution

Percentile by Number Answered

Percent of People with Each Score

Your Score History

You have not taken this quiz